State of Singapore annual report,1963 / (Record no. 135504)

MARC details
000 -LEADER
fixed length control field 00719nam a22002297a 4500
005 - DATE AND TIME OF LATEST TRANSACTION
control field 20170124110246.0
010 ## - LIBRARY OF CONGRESS CONTROL NUMBER
LC control number 453565
020 ## - INTERNATIONAL STANDARD BOOK NUMBER
Terms of availability $ 3
035 ## - SYSTEM CONTROL NUMBER
System control number 453565
037 ## - SOURCE OF ACQUISITION
Source of stock number/acquisition Cen Lib/Ret
040 ## - CATALOGING SOURCE
Original cataloging agency DPL
Language of cataloging EN
082 ## - DEWEY DECIMAL CLASSIFICATION NUMBER
Classification number 959.52
Item number STA
110 ## - MAIN ENTRY--CORPORATE NAME
Corporate name or jurisdiction name as entry element Singapore.Government Publications Bureau
9 (RLIN) 97448
245 ## - TITLE STATEMENT
Title State of Singapore annual report,1963 /
260 ## - PUBLICATION, DISTRIBUTION, ETC. (IMPRINT)
Name of publisher, distributor, etc Government Publications Bureau
Place of publication, distribution, etc Singapore
Date of publication, distribution, etc 1965
270 ## - ADDRESS
City Singapore
Address Fullerton Building (Ground Floor)
300 ## - PHYSICAL DESCRIPTION
Extent 459p. :
Dimensions 20cm(Hb)
Other physical details ill.
500 ## - GENERAL NOTE
General note Includes bibliographical references
650 ## - SUBJECT ADDED ENTRY--TOPICAL TERM
Topical term or geographic name as entry element Singapore -- annual report
9 (RLIN) 97449
650 ## - SUBJECT ADDED ENTRY--TOPICAL TERM
Topical term or geographic name as entry element Singapore -- 1963
9 (RLIN) 97450
942 ## - ADDED ENTRY ELEMENTS (KOHA)
Source of classification or shelving scheme Dewey Decimal Classification
Koha item type English Books
Classification part 959.52
Call number suffix STA
Holdings
Withdrawn status Lost status Damaged status Not for loan Home library Current library Date acquired Source of acquisition Cost, normal purchase price Total Checkouts Full call number Barcode Date last seen Copy number Cost, replacement price Price effective from Koha item type
        Central Library Central Library 06/10/2015 Cen Lib/Ret 0.00   959.52 STA 453565 06/10/2015 1 0.00 06/10/2015 English Books

© Delhi Public Library
Hit Counter
free hit counter